Statistiques concernant Pays avec un ou plusieurs L

Cliquez ici pour prendre le quiz!

Statistiques générales

  • Ce quiz a été pris 916 fois
    (252 depuis la dernière actualisation)
  • Le résultat moyen est 54 sur 65

Statistiques - réponses

Nombre de L Pays % Correct
LLituanie
96%
LLAllemagne
95%
LLettonie
95%
LSlovénie
95%
LBrésil
94%
LIslande
94%
LIrlande
94%
LLLNouvelle-Zélande
94%
LSlovaquie
92%
LFinlande
91%
LPortugal
91%
LLiechtenstein
91%
LAlbanie
91%
LAustralie
90%
LPologne
90%
LItalie
90%
LChili
88%
LLuxembourg
88%
LAlgérie
88%
LLesotho
88%
LLaos
87%
LLibye
87%
LColombie
87%
LLiban
87%
LLPapouasie-Nouvelle-Guinée
86%
LThaïlande
86%
LBolivie
86%
LMoldavie
85%
LBiélorussie
85%
LBelgique
84%
LPhilippines
83%
LRépublique dominicaine
83%
LVenezuela
83%
LIsrael
83%
LBelize
83%
LSénégal
82%
LBulgarie
82%
LMalte
82%
LRépublique du Congo
81%
LRépublique démocratique du Congo
81%
LTuvalu
81%
LMalaisie
81%
LSainte-Lucie
81%
LMongolie
80%
LMali
80%
LMaldives
80%
LMalawi
80%
LSomalie
79%
LGuinée équatoriale
79%
LSalomon
79%
LLiberia
78%
LPalaos
78%
LGuatemala
78%
LLLIles Marshall
78%
LRépublique centrafricaine
77%
LSalvador
77%
LRépublique tchèque
76%
LNépal
76%
LLSeychelles
74%
LBangladesh
73%
LAngola
73%
LSierra Leone
71%
LSri Lanka
71%
LTimor oriental
69%
LSaint-Vincent-et-les-Grenadines
68%

Distribution des résultats

Percentile by Number Answered

% des personnes avec chaque résultat

Votre développement - résultats

Vous n’avez pas pris ce quiz depuis la dernière actualisation